000 00290nam a22001337a 4500
008 260227b ||||| |||| 00| 0 eng d
020 _a9772232874001
041 _aeng
080 _a2.1
100 _a20.1
101 _aelektr
245 _aEmpirikus
_cActa Scientiarum
942 _2lcc
_cBK
999 _c60865
_d60865